Амьтад бидний найз нөхөд (Бичлэгийн дугаар. 1127653)

MARC дэлгэрэнгүй
000 -Удирдлага
Ном зүйн бүртгэл тоо буюу кодлох утгыг агуулсан 00900nam a22002537a 4500
008 - ЕРӨНХИЙ МЭДЭЭЛЭЛ-ЭЛЕМЕНТҮҮДИЙН ӨГӨГДЛИЙН УРТ
fixed length control field 240821b mp ||||| |||| 00| 0 mon d
035 ## - СИСТЕМИЙН ХЯНАЛТЫН ДУГААР
Системийн хяналтын дугаар 2234
040 ## - ЭХ СУРВАЛЖИЙГ ТОДОРХОЙЛОН БИЧИХ
Анхны каталогийн байгууллага DXO45059
Каталогийн хэл Монгол
Бичлэг хийж нэвтрүүлэх байгууллага MN-UlNLM
Өөрчлүүлэх байгууллага MN-UlNLM
Бичиглэлийн тодорхойлолт rda
041 ## - ХЭЛНИЙ КОД
Текстийн хэлний код/фонограм буюу салангид гарчиг Монгол
082 ## - ДЬЮИ АРАВТЫН АНГИЛЛЫН ДУГААР
Дьюигийн аравтын ангилал 10-t
Classification number 510.91
Item number А.35
100 ## - ЗОХИОГЧИЙН ХЭСЭГ
Зохиогчийн нэр Айгнэр Э.
245 #0 - ҮНДСЭН ГАРЧИГ
Гарчиг Амьтад бидний найз нөхөд
245 #0 - ҮНДСЭН ГАРЧИГ
Гарчигт хамааралтай мэдээ Хүүхдийн танин мэдэхүйн цувралаас
245 #0 - ҮНДСЭН ГАРЧИГ
Оролцогчдын тухай мэдээ /Ред.Г.Болормаа ба бус.
264 ## - ГАРАЛТЫН МЭДЭЭ
Хэвлэгдсэн газар УБ
Бүтээгч, хэвлэгч, түгээгч, үйлдвэрлэгчийн нэр Адмон
300 ## - ТООНЫ МЭДЭЭ
Хуудасны тоо 20х.
336 ## - АГУУЛГЫН ТӨРӨЛ
Нөөц rdacontent
Агуулгын төрлийн нөхцөл text
Агуулгын төрлийн код txt
337 ## - MEDIA TYPE
Эх сурвалж rdamedia
Файлын төрөл unmediated
Файлын код n
338 ## - CARRIER TYPE
Source rdacarrier
Carrier type term volume
Carrier type code nc
505 ## - FORMATTED CONTENTS NOTE
Title байгалийн ухаан; амьтан; амьтад бидний найз нөхөд; хүүхдийн танин мэдэхүйн цувралаас; 0
650 ## - Сэдэв
Сэдэв Салбар
942 ## - ЭЛЕМЕНТИЙН ТӨРӨЛ
Анги Аравтын ангилал
Төрөл Ном
Захиалгууд
Буцаан татагдсан төлөв Хасагдсан шалтгаан Гэмтсэн төлөв Данс заагч Захиалах боломжгүй Үндсэн номын сан Одоогийн байршил Салбар танхим Салбар танхим Бүртгэсэн огноо Тавиурын заалт Баркод Үнэ Хамгийн сүүлд байсан огноо Нийт уншлаганд гарсан тоо Дансны дугаар Төрөл
          Дархан Уул ХНО Дархан Уул ХНО Дархан ХНО | Монгол номын фонд Дархан ХНО | Монгол номын фонд 2024-08-21 510.91 А.35 DXO451004714 1000.00 2024-08-21   1004714 Ном